000 00746nam a2200229Ia 4500
003 OSt
005 20220927105719.0
006 a|||||r|||| 00| 0
007 ta
008 220926b |||||||| |||| 00| 0 eng d
024 _a204493
037 _cReference Collections
040 _aRTL
_cRTL
_beng
041 _2eng
_aeng
082 _a"Y:5.247sN61, K1.6-6(2)"
100 _aSensus of India 1961
_9374348
245 0 _aVillage survey Monograph of matta Vol. 6 Part 6 No 2
260 _aJammu
_b& Kashmir Govt Press India
_c1961
500 _a"Appendix: P A-1-35; Glossary: P D1-9; Bibliography: P 26-1,26"
942 _h"Y:5.247sN61, K1.6-6(2)"
_cCC
999 _c694058
_d694058